Starter's guide to verilog 2001 (Record no. 11072)
[ view plain ]
| 000 -LEADER | |
|---|---|
| fixed length control field | 00350 a2200133 4500 |
| 020 ## - INTERNATIONAL STANDARD BOOK NUMBER | |
| International Standard Book Number | 0131415565 |
| 082 ## - DEWEY DECIMAL CLASSIFICATION NUMBER | |
| Classification number | 621.392 |
| 090 ## - LOCALLY ASSIGNED LC-TYPE CALL NUMBER (OCLC); LOCAL CALL NUMBER (RLIN) | |
| -- | 7269 |
| -- | 7269 |
| 100 ## - MAIN ENTRY--PERSONAL NAME | |
| Personal name | Michael D. Ciletti |
| 245 ## - TITLE STATEMENT | |
| Title | Starter's guide to verilog 2001 |
| Statement of responsibility, etc. | Michael D. Clietti |
| 260 ## - PUBLICATION, DISTRIBUTION, ETC. | |
| Place of publication, distribution, etc. | New Jersey |
| Name of publisher, distributor, etc. | Pearson |
| Date of publication, distribution, etc. | 2004 |
| 300 ## - PHYSICAL DESCRIPTION | |
| Extent | xii. 234p.: |
| Other physical details | ill.; |
| Dimensions | 24cm. |
| 942 ## - ADDED ENTRY ELEMENTS (KOHA) | |
| Koha item type | Book |
| Call number prefix | 621.392 CIL |
| Withdrawn status | Lost status | Damaged status | Not for loan | Collection code | Permanent Location | Current Location | Shelving location | Date acquired | Source of acquisition | Cost, normal purchase price | Total Checkouts | Total Renewals | Full call number | Barcode | Date last seen | Date last checked out | Price effective from | Koha item type |
|---|---|---|---|---|---|---|---|---|---|---|---|---|---|---|---|---|---|---|
| Central Library (CL) | Central Library (CL) | General Stacks | 08/30/2012 | Pak Book Corporation | 6563.40 | 3 | 1 | 621.392 CIL | SEECS011509 | 08/07/2023 | 03/15/2021 | 01/05/2017 | Book | |||||
| Central Library (CL) | Central Library (CL) | General Stacks | 08/30/2012 | Pak Book Corporation | 6563.40 | 1 | 621.392 CIL | SEECS011508 | 04/26/2024 | 03/28/2024 | 01/05/2017 | Book | ||||||
| Central Library (CL) | Central Library (CL) | General Stacks | 08/30/2012 | Pak Book Corporation | 6563.40 | 1 | 2 | 621.392 CIL | SEECS011507 | 09/23/2023 | 02/06/2023 | 01/05/2017 | Book | |||||
| Central Library (CL) | Central Library (CL) | General Stacks | 08/30/2012 | Pak Book Corporation | 6563.40 | 3 | 1 | 621.392 CIL | SEECS011506 | 08/24/2023 | 02/23/2021 | 01/05/2017 | Book | |||||
| Central Library (CL) | Central Library (CL) | General Stacks | 08/30/2012 | Pak Book Corporation | 6563.40 | 621.392 CIL | SEECS011510 | 11/14/2012 | 01/05/2017 | Book |
